000
00271nam a22001217a 4500
082
_a
030
_b
OBRI/C
100
_a
TERRY O'BRIEN
245
_a
A CHILD'S FIRST DICTIONARY
260
_a
NEW DELHI
_b
RUPA PUBLICATION
300
_a
152
650
_a
DICTIONARY
_z
INDIA
942
_c
BK
999
_c
3684
_d
3684